[Event "AUT-ch Blitz"]
[Site "Innsbruck"]
[Date "2024.06.01"]
[Round "6"]
[White "Teuschler, Barbara"]
[Black "Lerch, Johannes"]
[Result "0-1"]
[WhiteElo "2019"]
[BlackElo "2325"]
[PlyCount "126"]
[EventDate "2024.06.01"]
[EventType "swiss (blitz)"]
[EventRounds "11"]
[EventCountry "AUT"]
[SourceTitle "CBM 220 Extra"]
[Source "ChessBase"]
[SourceDate "2024.07.31"]
[SourceVersion "1"]
[SourceVersionDate "2024.07.31"]
[SourceQuality "1"]

1. e4 d6 2. d4 Nf6 3. Nc3 e5 4. Nf3 Nbd7 5. Bc4 Be7 6. 0-0 0-0 7. Re1 a6 8. a4 b6 9. b3 Bb7 10. dxe5 Nxe5 11. Nxe5 dxe5 12. Bb2 Bd6 13. Qf3 Qe7 14. Rad1 Rad8 15. h3 h6 16. Nd5 Nxd5 17. Bxd5 c6 18. Bc4 b5 19. axb5 axb5 20. Bf1 Bc8 21. c4 Bb4 22. Rxd8 Rxd8 23. Rd1 Rxd1 24. Qxd1 bxc4 25. Bxc4 Qd6 26. Qh5 Be6 27. Bxe5 Qd7 28. Qf3 Bxc4 29. bxc4 Qe6 30. Qg3 Bf8 31. c5 f6 32. Bd6 Qxe4 33. Bxf8 Kxf8 34. Qd6+ Kg8 35. f3 Qe1+ 36. Kh2 Qe5+ 37. Qxe5 fxe5 38. Kg3 Kf7 39. Kg4 Ke6 40. h4 Kd5 41. Kf5 Kxc5 42. Kg6 Kd4 43. Kxg7 c5 44. g4 c4 45. g5 hxg5 46. h5 c3 47. h6 c2 48. h7 c1Q 49. h8Q Qf4 50. Qd8+ Ke3 51. Qd5 Kf2 52. Kg6 g4 53. fxg4 Qxg4+ 54. Kf6 Qf4+ 55. Ke6 e4 56. Qd4+ Kf3 57. Qd1+ Kg3 58. Qg1+ Kh4 59. Qh1+ Kg4 60. Qg2+ Kh5 61. Qh1+ Kg5 62. Qg2+ Qg4+ 63. Qxg4+ Kxg4 0-1

[Event "AUT-ch Blitz"]
[Site "Innsbruck"]
[Date "2024.06.01"]
[Round "4"]
[White "Teuschler, Barbara"]
[Black "Wohlfahrt, Herbert J"]
[Result "1/2-1/2"]
[WhiteElo "2019"]
[BlackElo "2347"]
[PlyCount "100"]
[EventDate "2024.06.01"]
[EventType "swiss (blitz)"]
[EventRounds "11"]
[EventCountry "AUT"]
[SourceTitle "CBM 220 Extra"]
[Source "ChessBase"]
[SourceDate "2024.07.31"]
[SourceVersion "1"]
[SourceVersionDate "2024.07.31"]
[SourceQuality "1"]

1. e4 c6 2. d4 d5 3. e5 Bf5 4. h4 h6 5. Be3 e6 6. g4 Be4 7. f3 Bh7 8. Bd3 Bxd3 9. Qxd3 h5 10. g5 Ne7 11. Ne2 Nf5 12. Bf2 Qb6 13. Nbc3 Bb4 14. a3 Bxc3+ 15. Qxc3 g6 16. 0-0-0 Nd7 17. Ng3 Nxg3 18. Bxg3 0-0-0 19. Kb1 Kb8 20. Be1 Rc8 21. Qd3 c5 22. dxc5 Nxc5 23. Qd4 Nd7 24. Bb4 Qxd4 25. Rxd4 b6 26. Rf4 Rh7 27. Rd1 Kb7 28. Bd6 Rc4 29. Rxc4 dxc4 30. Rd4 b5 31. a4 a6 32. axb5 axb5 33. b3 cxb3 34. cxb3 Nb6 35. Rd1 Nd5 36. Kb2 Rh8 37. Rc1 Rc8 38. Ra1 Rc3 39. Ra5 Kb6 40. Ra8 Rxf3 41. Rb8+ Ka6 42. Ra8+ Kb7 43. Rb8+ Kc6 44. Rc8+ Kd7 45. Rb8 Rf2+ 46. Kc1 Nc3 47. Rb7+ Kd8 48. Rb8+ Kd7 49. Rb7+ Ke8 50. Rb8+ Kd7 1/2-1/2

[Event "AUT-ch Rapid"]
[Site "Innsbruck"]
[Date "2024.05.31"]
[Round "9"]
[White "Teuschler, Barbara"]
[Black "Erlacher, Herbert"]
[Result "1-0"]
[WhiteElo "2076"]
[BlackElo "1899"]
[PlyCount "35"]
[EventDate "2024.05.30"]
[EventType "swiss (rapid)"]
[EventRounds "9"]
[EventCountry "AUT"]
[SourceTitle "CBM 220 Extra"]
[Source "ChessBase"]
[SourceDate "2024.07.31"]
[SourceVersion "1"]
[SourceVersionDate "2024.07.31"]
[SourceQuality "1"]

1. e4 c6 2. d4 d5 3. e5 Bf5 4. h4 h5 5. Bg5 Qc7 6. Bd3 Bxd3 7. Qxd3 e6 8. Nf3 g6 9. Nbd2 Nd7 10. 0-0 Ne7 11. c4 Nf5 12. cxd5 cxd5 13. Rfc1 Qb6 14. a4 Be7 15. a5 Qd8 16. g3 Bxg5 17. Nxg5 f6 18. Nxe6 1-0

[Event "AUT-ch Rapid"]
[Site "Innsbruck"]
[Date "2024.05.31"]
[Round "5"]
[White "Teuschler, Barbara"]
[Black "Lerch, Johannes"]
[Result "0-1"]
[WhiteElo "2076"]
[BlackElo "2238"]
[PlyCount "50"]
[EventDate "2024.05.30"]
[EventType "swiss (rapid)"]
[EventRounds "9"]
[EventCountry "AUT"]
[SourceTitle "CBM 220 Extra"]
[Source "ChessBase"]
[SourceDate "2024.07.31"]
[SourceVersion "1"]
[SourceVersionDate "2024.07.31"]
[SourceQuality "1"]

1. e4 d6 2. d4 Nf6 3. Nc3 e5 4. Nf3 Nbd7 5. Bc4 Be7 6. 0-0 0-0 7. Re1 a6 8. a4 b6 9. h3 Bb7 10. Ba2 c6 11. Qd3 b5 12. Ne2 exd4 13. Nexd4 Nc5 14. Qe2 Ncxe4 15. Ng5 d5 16. f3 Bc5 17. fxe4 Bxd4+ 18. Kh1 h6 19. Nf3 Nxe4 20. Bf4 Bxb2 21. Rab1 Bc3 22. Red1 Qf6 23. Bh2 Rfe8 24. Qf1 Ba5 25. Rb3 Bb6 0-1

[Event "AUT-chT2M 2324"]
[Site "Austria"]
[Date "2023.12.02"]
[Round "4.6"]
[White "Teuschler, Barbara"]
[Black "Stagl, Marco"]
[Result "0-1"]
[WhiteElo "2093"]
[BlackElo "2121"]
[PlyCount "121"]
[EventDate "2023.11.03"]
[EventType "team-tourn"]
[EventRounds "11"]
[EventCountry "AUT"]
[SourceTitle "CBM 219 Extra"]
[Source "ChessBase"]
[SourceDate "2024.05.31"]
[SourceVersion "1"]
[SourceVersionDate "2024.05.31"]
[SourceQuality "1"]
[WhiteTeam "Graz Schachfreunde"]
[BlackTeam "Gamlitz"]
[WhiteTeamCountry "AUT"]
[BlackTeamCountry "AUT"]

1. e4 d5 2. exd5 Qxd5 3. Nc3 Qd8 4. d4 Nf6 5. Nf3 Bg4 6. h3 Bxf3 7. Qxf3 c6 8. Be3 e6 9. Bd3 Be7 10. 0-0 Nbd7 11. Rfe1 Nd5 12. Nxd5 cxd5 13. c3 0-0 14. a4 Bd6 15. Qh5 Nf6 16. Qh4 Ne4 17. Qxd8 Rfxd8 18. f3 Ng3 19. Bd2 Rdc8 20. Reb1 Rc6 21. Bb5 Rc7 22. Bd3 g6 23. Kf2 Nh5 24. g4 Bf4 25. Be1 Nf6 26. Kg2 Ne8 27. Bg3 Bxg3 28. Kxg3 Nd6 29. h4 Rb8 30. a5 b6 31. axb6 Rxb6 32. Ra2 Kg7 33. Rh1 Rcb7 34. Rh2 h6 35. h5 g5 36. f4 gxf4+ 37. Kxf4 f6 38. Re2 Nf7 39. Ba6 Rb8 40. Bd3 R8b7 41. Ba6 Re7 42. Bd3 e5+ 43. dxe5 fxe5+ 44. Kg3 e4 45. Bc2 Nd6 46. Rd2 Rb5 47. Ba4 Nc4 48. Bxb5 Nxd2 49. Kf2 Nf3 50. Ke3 Kf6 51. Be2 Ng5 52. Ra6+ Ne6 53. g5+ Ke5 54. gxh6 Rh7 55. Bg4 Nf4 56. Ra5 Ng2+ 57. Kf2 Nf4 58. c4 Rxh6 59. cxd5 Nxd5 60. Rxa7 Kf4 61. Be2 0-1

[Event "EU-chT (Women) 24th"]
[Site "Budva"]
[Date "2023.11.20"]
[Round "9.14"]
[White "Teuschler, Barbara"]
[Black "Richterova, Natasa"]
[Result "1/2-1/2"]
[WhiteElo "2093"]
[BlackElo "2172"]
[PlyCount "87"]
[EventDate "2023.11.11"]
[EventType "team-swiss"]
[EventRounds "9"]
[EventCountry "MNE"]
[SourceTitle "CBM 217 Extra"]
[Source "ChessBase"]
[SourceDate "2024.01.31"]
[SourceVersion "1"]
[SourceVersionDate "2024.01.31"]
[SourceQuality "1"]
[WhiteTeam "Austria (W)"]
[BlackTeam "Czech Republic (W)"]
[WhiteTeamCountry "AUT"]
[BlackTeamCountry "CZE"]

1. e4 c6 2. d4 d5 3. e5 Bf5 4. h4 h5 5. Bd3 Bxd3 6. Qxd3 Qa5+ 7. Nd2 e6 8. Ngf3 Qa6 9. c4 Nd7 10. 0-0 Nh6 11. b3 Nf5 12. a4 Rc8 13. Qb1 Be7 14. Ba3 Bxa3 15. Rxa3 0-0 16. Ra1 g6 17. Rc1 Qb6 18. a5 Qb4 19. Ra4 Qe7 20. g3 c5 21. dxc5 Qxc5 22. b4 Qc7 23. Qb2 b5 24. axb6 Nxb6 25. Ra5 dxc4 26. Qa1 Rfd8 27. Rxa7 Qc6 28. Rc3 Nd4 29. Nxd4 Rxd4 30. Nf3 Rd3 31. Ng5 Rcd8 32. Rc1 R8d7 33. Rxd7 Rxd7 34. Qc3 Rc7 35. Qd4 Nd5 36. Ne4 c3 37. Nf6+ Kg7 38. Nxd5 Qxd5 39. Qf4 Qd2 40. Kg2 Qd5+ 41. Kh2 Rc8 42. Qe3 Qd2 43. Qxd2 cxd2 44. Rd1 1/2-1/2

[Event "EU-chT (Women) 24th"]
[Site "Budva"]
[Date "2023.11.14"]
[Round "4.3"]
[White "Popovic, Mateja"]
[Black "Teuschler, Barbara"]
[Result "1/2-1/2"]
[WhiteElo "1772"]
[BlackElo "2093"]
[PlyCount "105"]
[EventDate "2023.11.11"]
[EventType "team-swiss"]
[EventRounds "9"]
[EventCountry "MNE"]
[SourceTitle "CBM 217 Extra"]
[Source "ChessBase"]
[SourceDate "2024.01.31"]
[SourceVersion "1"]
[SourceVersionDate "2024.01.31"]
[SourceQuality "1"]
[WhiteTeam "Montenegro (W)"]
[BlackTeam "Austria (W)"]
[WhiteTeamCountry "MNE"]
[BlackTeamCountry "AUT"]

1. d4 Nf6 2. c4 b6 3. Nf3 Bb7 4. g3 g6 5. Bg2 Bg7 6. Nc3 Ne4 7. 0-0 Nxc3 8. bxc3 0-0 9. Re1 d6 10. e4 Nd7 11. a4 a5 12. Nd2 e5 13. Nb3 Kh8 14. Bd2 f5 15. Qc1 Qf6 16. f4 Rae8 17. fxe5 dxe5 18. Kh1 exd4 19. cxd4 Bxe4 20. Bxe4 fxe4 21. Bf4 g5 22. Be3 h6 23. Kg1 Qe6 24. Ra2 Nf6 25. d5 Qd7 26. Nd4 Ng4 27. Ne6 Rxe6 28. dxe6 Qxe6 29. Kg2 Qf7 30. Qd1 Qxc4 31. Rd2 Nxe3+ 32. Rxe3 b5 33. axb5 a4 34. Qe2 Qc5 35. Rc2 Qd6 36. Rxe4 a3 37. Rd2 Qc5 38. Re8 Qf5 39. Rxf8+ Qxf8 40. Qe4 Qg8 41. Qa4 Bb2 42. Qa6 Qf8 43. b6 cxb6 44. Qxb6 Bf6 45. Rf2 Kg7 46. Qa6 Qe7 47. Rxf6 Qxf6 48. Qxa3 Qc6+ 49. Qf3 Qc2+ 50. Qf2 Qe4+ 51. Qf3 Qc2+ 52. Qf2 Qe4+ 53. Qf3 1/2-1/2

[Event "AUT-ch Blitz"]
[Site "Graz"]
[Date "2023.06.09"]
[Round "5"]
[White "Teuschler, Barbara"]
[Black "Konaplev, Anton"]
[Result "0-1"]
[WhiteElo "2077"]
[BlackElo "2280"]
[PlyCount "72"]
[EventDate "2023.06.09"]
[EventType "swiss (blitz)"]
[EventRounds "11"]
[EventCountry "AUT"]
[SourceTitle "CBM 214 Extra"]
[Source "ChessBase"]
[SourceDate "2023.07.31"]
[SourceVersion "1"]
[SourceVersionDate "2023.07.31"]
[SourceQuality "1"]

1. e4 e5 2. Nf3 Nf6 3. Nxe5 d6 4. Nf3 Nxe4 5. Nc3 Nf6 6. d4 Be7 7. Bd3 0-0 8. 0-0 Bg4 9. h3 Bh5 10. Ne4 Nxe4 11. Bxe4 d5 12. Bf5 Nc6 13. c3 Qd6 14. Qd3 Bg6 15. Bd2 Rfe8 16. Rfe1 Bf8 17. Bxg6 hxg6 18. Bg5 Qd7 19. Bh4 Bd6 20. Bg5 Qf5 21. Qb5 Rxe1+ 22. Rxe1 Rb8 23. a4 a6 24. Qe2 f6 25. Bd2 Qd7 26. Nh4 g5 27. Nf3 Kf7 28. Nh2 Kg8 29. Ng4 Ne7 30. a5 Ng6 31. Qf3 c6 32. Ne3 Re8 33. Nf5 Rxe1+ 34. Bxe1 Nf4 35. Bd2 Qxf5 36. g3 Nxh3+ 0-1

[Event "AUT-chT2M 2223"]
[Site "Austria"]
[Date "2022.10.22"]
[Round "5.5"]
[White "Hiermann, Dietmar"]
[Black "Teuschler, Barbara"]
[Result "1/2-1/2"]
[WhiteElo "2158"]
[BlackElo "2109"]
[PlyCount "61"]
[EventDate "2022.09.30"]
[EventType "team-tourn"]
[EventRounds "11"]
[EventCountry "AUT"]
[SourceTitle "EXT 2024"]
[Source "ChessBase"]
[SourceDate "2023.10.10"]
[SourceVersion "1"]
[SourceVersionDate "2023.10.10"]
[SourceQuality "1"]
[WhiteTeam "Sauwald"]
[BlackTeam "Graz Schachfreunde"]
[WhiteTeamCountry "AUT"]
[BlackTeamCountry "AUT"]

1. e4 c5 2. Nf3 e6 3. d4 cxd4 4. Nxd4 Nf6 5. Nc3 Nc6 6. Ndb5 Bb4 7. a3 Bxc3+ 8. Nxc3 d5 9. exd5 exd5 10. Bg5 d4 11. Qe2+ Be6 12. Ne4 Qa5+ 13. Bd2 Qe5 14. Nxf6+ Qxf6 15. Qb5 0-0 16. Bg5 a6 17. Bxf6 axb5 18. Bg5 b4 19. Kd2 bxa3 20. bxa3 Rfc8 21. Bd3 Bd5 22. f3 Ne5 23. Be7 Nc4+ 24. Bxc4 Rxc4 25. Bb4 Rac8 26. Rac1 Be6 27. c3 dxc3+ 28. Rxc3 Rxc3 29. Bxc3 f6 30. Bb4 Kf7 31. Rc1 1/2-1/2

[Event "AUT-chT2M 2223"]
[Site "Austria"]
[Date "2022.10.21"]
[Round "4.5"]
[White "Teuschler, Barbara"]
[Black "Marakovits, Nico"]
[Result "1/2-1/2"]
[WhiteElo "2109"]
[BlackElo "1994"]
[PlyCount "82"]
[EventDate "2022.09.30"]
[EventType "team-tourn"]
[EventRounds "11"]
[EventCountry "AUT"]
[SourceTitle "EXT 2024"]
[Source "ChessBase"]
[SourceDate "2023.10.10"]
[SourceVersion "1"]
[SourceVersionDate "2023.10.10"]
[SourceQuality "1"]
[WhiteTeam "Graz Schachfreunde"]
[BlackTeam "Fuerstenfeld/Hartberg"]
[WhiteTeamCountry "AUT"]
[BlackTeamCountry "AUT"]

1. e4 c5 2. Nf3 Nc6 3. d4 cxd4 4. Nxd4 Nf6 5. Nc3 e5 6. Ndb5 d6 7. Bg5 a6 8. Na3 b5 9. Nd5 Be7 10. Bxf6 Bxf6 11. c3 Bg5 12. Nc2 Rb8 13. a4 bxa4 14. Ncb4 Nxb4 15. cxb4 Bd7 16. Bxa6 0-0 17. 0-0 Bc6 18. Rxa4 Qd7 19. b5 Bxb5 20. Bxb5 Rxb5 21. b4 Rfb8 22. Ra6 R5b7 23. Qd3 Bd8 24. Rfa1 h6 25. Ra8 Bb6 26. Rxb8+ Rxb8 27. Ra6 Bd4 28. h3 Kh8 29. Qa3 Qd8 30. g3 Kh7 31. Qa4 Qg5 32. Qb3 Rc8 33. Ra2 Rc3 34. Nxc3 Qxg3+ 35. Kf1 Qd3+ 36. Kg2 Bxc3 37. Qc2 Qxc2 38. Rxc2 Bxb4 39. Kg3 g5 40. h4 Kg6 41. hxg5 hxg5 1/2-1/2

[Event "AUT-chT2M 2223"]
[Site "Austria"]
[Date "2022.10.01"]
[Round "2.6"]
[White "Steiner, Stefan"]
[Black "Teuschler, Barbara"]
[Result "1-0"]
[WhiteElo "2262"]
[BlackElo "2109"]
[PlyCount "103"]
[EventDate "2022.09.30"]
[EventType "team-tourn"]
[EventRounds "11"]
[EventCountry "AUT"]
[SourceTitle "CBM 210 Extra"]
[Source "ChessBase"]
[SourceDate "2022.11.30"]
[SourceVersion "1"]
[SourceVersionDate "2022.11.30"]
[SourceQuality "1"]
[WhiteTeam "Frauental"]
[BlackTeam "Graz Schachfreunde"]
[WhiteTeamCountry "AUT"]
[BlackTeamCountry "AUT"]

1. Nf3 Nf6 2. c4 b6 3. g3 Bb7 4. Bg2 g6 5. b3 Bg7 6. Bb2 0-0 7. 0-0 c5 8. d4 e6 9. Nc3 d5 10. cxd5 exd5 11. dxc5 bxc5 12. Na4 Qe7 13. Ba3 Na6 14. Rc1 Rac8 15. Rc2 Rfd8 16. e3 Bf8 17. Qa1 Re8 18. Nxc5 Nxc5 19. Rxc5 Rxc5 20. Bxc5 Qxc5 21. Qxf6 Bg7 22. Qh4 Ba6 23. Qa4 Re6 24. b4 Qb6 25. Rd1 Bb5 26. Qa3 Bc4 27. Nd4 Rd6 28. Qb2 Qa6 29. a3 Qa4 30. Rc1 Ra6 31. Bf1 Bxd4 32. exd4 Bxf1 33. Kxf1 h5 34. h4 Qd7 35. Qc3 Qh3+ 36. Kg1 Re6 37. Re1 Kg7 38. Rxe6 Qxe6 39. Qe3 Qc6 40. Qe5+ Kg8 41. Qb8+ Kg7 42. Qxa7 Qc1+ 43. Kg2 Qe1 44. Qc5 Qe4+ 45. Kh2 g5 46. Qc1 Qxd4 47. Qxg5+ Kf8 48. Qh6+ Kg8 49. Qf4 Qc4 50. Kg2 d4 51. Qg5+ Kf8 52. Qc5+ 1-0

[Event "AUT-ch"]
[Site "Vienna"]
[Date "2022.08.17"]
[Round "7"]
[White "Sucher, Johannes"]
[Black "Teuschler, Barbara"]
[Result "0-1"]
[WhiteElo "2117"]
[BlackElo "2097"]
[PlyCount "62"]
[EventDate "2022.08.12"]
[EventType "swiss"]
[EventRounds "9"]
[EventCountry "AUT"]
[SourceTitle "CBM 209 Extra"]
[Source "ChessBase"]
[SourceDate "2022.09.30"]
[SourceVersion "1"]
[SourceVersionDate "2022.09.30"]
[SourceQuality "1"]

1. d4 d5 2. c4 dxc4 3. e4 e5 4. Nf3 exd4 5. Bxc4 Nc6 6. 0-0 Be6 7. Bb5 Bc5 8. b4 Bb6 9. a4 a6 10. Bxc6+ bxc6 11. a5 Ba7 12. Qd3 Ne7 13. Rd1 Bg4 14. Qxa6 0-0 15. Qc4 Qd6 16. Ba3 Bxf3 17. gxf3 Rfe8 18. Nd2 Ng6 19. Kh1 Qf6 20. Bb2 Ne5 21. Qb3 Qf4 22. Ra3 Re6 23. Bc1 d3 24. Rg1 Bxf2 25. Rg2 Be3 26. Qd1 Rg6 27. Rxg6 hxg6 28. Rc3 g5 29. Nc4 Nxf3 30. Kg2 Qg4+ 31. Kh1 Qh3 0-1

[Event "AUT-ch"]
[Site "Vienna"]
[Date "2022.08.16"]
[Round "6"]
[White "Teuschler, Barbara"]
[Black "Lerch, Johannes"]
[Result "0-1"]
[WhiteElo "2097"]
[BlackElo "2242"]
[PlyCount "126"]
[EventDate "2022.08.12"]
[EventType "swiss"]
[EventRounds "9"]
[EventCountry "AUT"]
[SourceTitle "CBM 209 Extra"]
[Source "ChessBase"]
[SourceDate "2022.09.30"]
[SourceVersion "1"]
[SourceVersionDate "2022.09.30"]
[SourceQuality "1"]

1. e4 e5 2. Nf3 Nc6 3. Bc4 Bc5 4. c3 Nf6 5. d3 d6 6. 0-0 h6 7. Bb3 0-0 8. h3 Bb6 9. Re1 Ne7 10. Nbd2 c5 11. Nf1 Ng6 12. Ne3 Bd7 13. Nh2 Re8 14. Nhg4 Nf4 15. Nf5 Bxf5 16. exf5 N4h5 17. Qf3 Re7 18. Nh2 Qd7 19. g4 Nf4 20. Bxf4 exf4 21. Qxf4 d5 22. Ba4 Qd8 23. Qd2 Bc7 24. Nf1 a6 25. Rxe7 Qxe7 26. Re1 Qd6 27. Bd1 d4 28. c4 b5 29. b3 bxc4 30. bxc4 Rb8 31. Bf3 Kf8 32. Kg2 a5 33. Bd1 Qc6+ 34. Kg1 Nh7 35. Ng3 Ng5 36. Kh2 Rb1 37. Be2 Rxe1 38. Qxe1 Nf3+ 39. Bxf3 Qxf3 40. Kg1 Qxd3 41. Qe2 Qb1+ 42. Kg2 Bxg3 43. Kxg3 Qb8+ 44. Kg2 Qf4 45. Qe1 d3 46. Qxa5 Qe4+ 47. Kh2 Kg8 48. Qd8+ Kh7 49. f6 gxf6 50. Qxf6 Qxc4 51. g5 hxg5 52. Qxg5 Qd4 53. Qh5+ Kg8 54. Qg5+ Kf8 55. Qh6+ Ke7 56. Qg5+ Kd7 57. Qf5+ Kd6 58. Qxf7 Qe5+ 59. Kg1 Qe1+ 60. Kg2 d2 61. Qf6+ Kd5 62. Qf5+ Kd4 63. Qf6+ Qe5 0-1

[Event "Vienna (Women)"]
[Site "Vienna"]
[Date "2022.02.24"]
[Round "8"]
[White "Teuschler, Barbara"]
[Black "Koubova, Anna Marie"]
[Result "0-1"]
[WhiteElo "2107"]
[BlackElo "2161"]
[PlyCount "54"]
[EventDate "2022.02.17"]
[EventType "tourn"]
[EventRounds "9"]
[EventCountry "AUT"]
[SourceTitle "CBM 207 Extra"]
[Source "ChessBase"]
[SourceDate "2022.05.31"]
[SourceVersion "1"]
[SourceVersionDate "2022.05.31"]
[SourceQuality "1"]

1. e4 e6 2. d4 d5 3. Nc3 Nf6 4. Bg5 Bb4 5. e5 h6 6. Bd2 Bxc3 7. bxc3 Ne4 8. Bc1 0-0 9. Bd3 f5 10. Qh5 Rf7 11. Ne2 c5 12. h4 cxd4 13. cxd4 Nc6 14. c3 Qa5 15. Bxe4 fxe4 16. Rh3 Ne7 17. Qg4 Nf5 18. Bd2 Bd7 19. Nf4 Raf8 20. Ng6 e3 21. Nxf8 exd2+ 22. Kxd2 Rxf8 23. Rf3 Qa3 24. Rc1 Ba4 25. Qf4 Qxa2+ 26. Ke1 Bb5 27. c4 Bxc4 0-1

[Event "Vienna (Women)"]
[Site "Vienna"]
[Date "2022.02.23"]
[Round "7"]
[White "Terbe, Julianna"]
[Black "Teuschler, Barbara"]
[Result "1-0"]
[WhiteElo "2285"]
[BlackElo "2107"]
[PlyCount "63"]
[EventDate "2022.02.17"]
[EventType "tourn"]
[EventRounds "9"]
[EventCountry "AUT"]
[SourceTitle "CBM 207 Extra"]
[Source "ChessBase"]
[SourceDate "2022.05.31"]
[SourceVersion "1"]
[SourceVersionDate "2022.05.31"]
[SourceQuality "1"]

1. Nf3 d5 2. g3 Nf6 3. Bg2 c6 4. 0-0 Bg4 5. h3 Bxf3 6. Bxf3 e6 7. d3 Nbd7 8. Nd2 Bc5 9. e4 0-0 10. Qe2 dxe4 11. dxe4 e5 12. a4 a5 13. Nc4 Qc7 14. h4 Rfe8 15. h5 h6 16. Kg2 Nf8 17. c3 Ne6 18. Bg4 Bf8 19. Bxe6 Rxe6 20. Be3 Nd7 21. Rfd1 Nc5 22. Qc2 Ree8 23. Rd2 Red8 24. Bxc5 Bxc5 25. Rad1 Rxd2 26. Qxd2 b5 27. axb5 cxb5 28. Qd5 Re8 29. Nxa5 Bb6 30. Qxb5 Re6 31. Nc4 Kh7 32. Rd7 1-0

[Event "Vienna (Women)"]
[Site "Vienna"]
[Date "2022.02.22"]
[Round "6"]
[White "Teuschler, Barbara"]
[Black "Karelina, Polina"]
[Result "1-0"]
[WhiteElo "2107"]
[BlackElo "1796"]
[PlyCount "47"]
[EventDate "2022.02.17"]
[EventType "tourn"]
[EventRounds "9"]
[EventCountry "AUT"]
[SourceTitle "CBM 207 Extra"]
[Source "ChessBase"]
[SourceDate "2022.05.31"]
[SourceVersion "1"]
[SourceVersionDate "2022.05.31"]
[SourceQuality "1"]

1. e4 d6 2. d4 Nf6 3. Nc3 c6 4. f4 Qa5 5. Bd3 e5 6. Nf3 exd4 7. Nxd4 g6 8. 0-0 Bg7 9. Kh1 0-0 10. f5 Nbd7 11. Qe1 Ng4 12. Nb3 Qc7 13. Qh4 Nde5 14. Be2 Qd8 15. Qg3 Nh6 16. f6 Bxf6 17. Bxh6 Bh4 18. Qf4 Re8 19. Nd4 g5 20. Qf6 Qxf6 21. Rxf6 Bg4 22. g3 Bxe2 23. Ndxe2 Ng4 24. Rxd6 1-0